Рейтинговая система оценки в педколледже по специальности "Музыкальное образование" (Запись № 469297)

Подробности
000 -МАРКЕР
контрольное поле 01873nam0a2200361 4500
001 - ИДЕНТИФИКАТОР ЗАПИСИ
контрольное поле RU\NLR\bibl\86079
005 - ИДЕНТИФИКАТОР ВЕРСИИ
контрольное поле 20260407055001.0
010 ## - МЕЖДУНАРОДНЫЙ СТАНДАРТНЫЙ НОМЕР КНИГИ (ISBN)
Номер (ISBN) 5-89411-027-7
Тираж 150
021 ## - НОМЕР ГОСУДАРСТВЕННОЙ РЕГИСТРАЦИИ
Код страны Российская Федерация
Номер 2000-1472
Номер Листа государственной регистраци 77
035 ## - ДРУГИЕ СИСТЕМНЫЕ НОМЕРА
Идентификатор записи (NLR Aleph) 000084079
100 ## - ДАННЫЕ ОБЩЕЙ ОБРАБОТКИ
Данные общей обработки 20000515d2000 |||y0rusy50 ca
101 0# - ЯЗЫК РЕСУРСА
Язык текста, звукозаписи и т.д. русский
102 ## - СТРАНА ПУБЛИКАЦИИ ИЛИ ПРОИЗВОДСТВА
Страна публикации Российская Федерация
105 ## - ПОЛЕ КОДИРОВАННЫХ ДАННЫХ: ТЕКСТОВЫЕ МАТЕРИАЛЫ, МОНОГРАФИЧЕСКИЕ
Кодированные данные о монографическом текстовом документе y |||||||||
200 1# - ЗАГЛАВИЕ И СВЕДЕНИЯ ОБ ОТВЕТСТВЕННОСТИ
Основное заглавие Рейтинговая система оценки в педколледже по специальности "Музыкальное образование"
Сведения, относящиеся к заглавию Учеб. пособие
Первые сведения об ответственности [Г.Ю. Капустина, к.п.н., Г.И. Шевель, О.О. Лебедева и др.]
Последующие сведения об ответственности Под ред. проф. Симонова В.П.
-- Междунар. пед. акад., Пед. колледж N7 "Маросейка" г. Москва
210 ## - ПУБЛИКАЦИЯ, РАСПРОСТРАНЕНИЕ И ДР.
Место издания, распространения и т.д. М.
Имя издателя, распространителя и т. д. Междунар. нар. акад.
Дата издания, распространения и т.д. 2000
215 ## - ФИЗИЧЕСКАЯ ХАРАКТЕРИСТИКА
Специфическое обозначение материала и объем 42, [1] c.
Размеры 21
606 0# - НАИМЕНОВАНИЕ ТЕМЫ КАК ПРЕДМЕТ
Наименование темы Учителя музыки
Формальный подзаголовок Методические пособия
Тематический подзаголовок Подготовка
Системный номер авторитетной/нормативной записи 2094780
Идентификатор авторитетной/нормативной записи RU\NLR\auth\661267547
606 0# - НАИМЕНОВАНИЕ ТЕМЫ КАК ПРЕДМЕТ
Наименование темы Музыка
Формальный подзаголовок Методические пособия
Тематический подзаголовок Знания
-- Оценка
Системный номер авторитетной/нормативной записи 2164163
Идентификатор авторитетной/нормативной записи RU\NLR\auth\661302254
686 ## - ИНДЕКСЫ ДРУГИХ КЛАССИФИКАЦИЙ
Индекс Ч489.518.26муз.
686 ## - ИНДЕКСЫ ДРУГИХ КЛАССИФИКАЦИЙ
Индекс Ч476.67
701 #1 - ИМЯ ЛИЦА - АЛЬТЕРНАТИВНАЯ ОТВЕТСТВЕННОСТЬ
Начальный элемент ввода Капустина
Часть имени, кроме начального элемента ввода Г. Ю.
Код отношения Автор
701 #1 - ИМЯ ЛИЦА - АЛЬТЕРНАТИВНАЯ ОТВЕТСТВЕННОСТЬ
Начальный элемент ввода Шевель
Часть имени, кроме начального элемента ввода Г. И.
Код отношения Автор
701 #1 - ИМЯ ЛИЦА - АЛЬТЕРНАТИВНАЯ ОТВЕТСТВЕННОСТЬ
Код отношения Автор
Графика поля Кириллица
Материалы, к которым относится поле rus
Начальный элемент ввода Лебедева
Часть имени, кроме начального элемента ввода О. О.
Дополнения к именам, кроме дат педагог, пение
Расширение инициалов личного имени Ольга Олеговна
Системный номер авторитетной/нормативной записи 102448
Идентификатор авторитетной/нормативной записи RU\NLR\auth\77119523
702 #1 - ИМЯ ЛИЦА - ВТОРИЧНАЯ ОТВЕТСТВЕННОСТЬ
Код отношения Редактор
Графика поля Кириллица
Материалы, к которым относится поле rus
Начальный элемент ввода Симонов
Часть имени, кроме начального элемента ввода В. П.
Расширение инициалов личного имени Валентин Петрович
Системный номер авторитетной/нормативной записи 1090
Идентификатор авторитетной/нормативной записи RU\NLR\auth\7718007
711 02 - НАИМЕНОВАНИЕ ОРГАНИЗАЦИИ - АЛЬТЕРНАТИВНАЯ ОТВЕТСТВЕННОСТЬ
Начальный элемент ввода "Маросейка", педагогический колледж
Идентифицирующий признак 7; Москва
Системный номер авторитетной/нормативной записи 549115
Идентификатор авторитетной/нормативной записи RU\NLR\AUTH\8810025437
801 #0 - ИСТОЧНИК ЗАПИСИ
Страна Российская Федерация
Организация NLR
Дата составления 20000515
Правила каталогизации PSBO
801 #1 - ИСТОЧНИК ЗАПИСИ
Страна Российская Федерация
Организация NLR
Дата составления 20000515
852 ## - МЕСТОНАХОЖДЕНИЕ И ШИФР ХРАНЕНИЯ
Идентификатор организации NLR
Шифр хранения (Call Number) 2000-4/1322
942 ## - ДОПОЛНИТЕЛЬНЫЕ ЭЛЕМЕНТЫ ЗАПИСИ (АБИС)
Тип экземпляра АБИС Книга
980 ## - КОЛЛЕКЦИЯ
Название коллекции Национальная библиография
Экземпляры
Тип экземпляра Дата поступления Источник поступления Библиотека постоянного хранения Библиотека текущего хранения Место хранения Шифр хранения Штрих-код Статус экземпляра
Книга 15.05.2000 Обязательный экземпляр РНБ (Московский) РНБ (Московский) Русский книжный фонд: издания с 1957 года 2000-4/1322 31849  
Книга 15.05.2000 Обязательный экземпляр РНБ (Московский) РНБ (Московский) Русский книжный фонд: издания с 1957 года 2000-4/1322 31850